000 00233nam a22001217a 4500
040 _cSK
082 _a610
100 _aNA
245 _aAnnuaire des boursiers 2002-2012
260 _aRUA
_bNA
_c2012
300 _a143p.
942 _cEK
999 _c10224
_d10224